| 000 | 00366nam a2200145Ia 4500 | ||
|---|---|---|---|
| 008 | 150201s2006 xx 000 0 und d | ||
| 082 |
_a610 _bM2006T |
||
| 100 | _aTICRNEY,L.M | ||
| 245 | _a2006 CURRENT MEDICAL DIAGNOSIS | ||
| 250 | _a1ST | ||
| 260 |
_bMc-GRAW-HILL L PUBLISHING _aBOSTON (LONDON) _c2006 |
||
| 300 | _a1-1884 | ||
| 650 | _aMEDICINE | ||
| 942 |
_2ddc _cBK |
||
| 999 |
_c4041 _d4041 |
||